ocial sciences: Chinese academy of social sciences forum (Record no. 492534)

000 -LEADER
fixed length control field 00528cam a22001697a 4500
008 - FIXED-LENGTH DATA ELEMENTS--GENERAL INFORMATION
fixed length control field 180718b1999 xxu||||| |||| 00| 0 eng d
020 ## - INTERNATIONAL STANDARD BOOK NUMBER
International Standard Book Number 7500425651
082 ## - DEWEY DECIMAL CLASSIFICATION NUMBER
Classification number T19x54 J564
245 ## - TITLE STATEMENT
Title ocial sciences: Chinese academy of social sciences forum
Statement of responsibility, etc. edited by Shen Jinjian and Shi Muhong
260 ## - PUBLICATION, DISTRIBUTION, ETC.
Place of publication, distribution, etc. Beijing
Name of publisher, distributor, etc. China Social Sciences Pub.
Date of publication, distribution, etc. 1999
300 ## - PHYSICAL DESCRIPTION
Extent 282p.
650 ## - SUBJECT ADDED ENTRY--TOPICAL TERM
Topical term or geographic name entry element Poverty - China
650 ## - SUBJECT ADDED ENTRY--TOPICAL TERM
Topical term or geographic name entry element Globalization - China
650 ## - SUBJECT ADDED ENTRY--TOPICAL TERM
Topical term or geographic name entry element China - Economic conditions
700 ## - ADDED ENTRY--PERSONAL NAME
Personal name Muhong, Shi
700 ## - ADDED ENTRY--PERSONAL NAME
Personal name Jinjian, Shen
Holdings
Withdrawn status Lost status Damaged status Not for loan Permanent Location Current Location Date acquired Full call number Barcode Date last seen Price effective from Koha item type
        Indian Institute of Public Administration Indian Institute of Public Administration 2018-08-04 T19x54 J564 GR16430 2018-08-04 2018-08-04 GR

Powered by Koha